000 01684namaa2200397 i 4500
003 EG-GICUC
005 20260127150245.0
008 260126s2018 ua ad||jr|||| 000 0 ara d
017 _a2017 / 8005
_bدار الكتب والوثائق القومية (مصر)
020 _a9789779210292
040 _aEG-GiCUC
_bara
_cEG-GiCUC
_dEG-GiCUC
_erda
041 1 _aara
_heng
043 _af------
082 0 4 _221
_a338.96
_bI421
092 0 4 _221
_a338.96
_bI421
099 _a338.96 I421
100 1 _eمؤلف.
240 1 _aIndustrial policy and economic transformation in Africa
_lArabic
245 1 2 _aالسياسات الصناعية والتحول الاقتصادى فى أفريقيا /
_cتحرير جوزيف إى. ستيجليتز، أكبر نومان ؛ ترجمة حمدى أبو كلية.
250 _aالطبعة الاولى
264 _aالقاهرة (مصر) :
_bالمركز القومى للترجمة،
_c2018.
300 _a378 صفحة :
_bإيضاحيات ؛
_c24 سم
336 _2rdacontent
_atext
337 _2rdamedia
_aUnmediated
338 _2rdacarrier
_avolume
490 _aالمركز القومى للترجمة ؛
_v3096
504 _aيشتمل على ارجاعات ببليوجرافية.
541 _aد. جابر عصفور ؛
_bالقاهرة ؛
_cإهداء ؛
_d2024.
650 1 7 _aالتنمية الاقتصادية
_zافريقيا
_2qrmak
651 1 7 _2qrmak
_aافريقيا
_xاحوال اقتصادية
700 1 _aستيجليتز، جوزيف إى.
_eمحرر.
700 1 _aنومان، أكبر
_eمحرر.
700 1 _aأبو كلية، حمدى
_eمترجم.
905 _aAya
942 _2ddc
_cBK
_e21
_n0
999 _c178040
_d178040